| 000 | 00397nam a2200157Ia 4500 | ||
|---|---|---|---|
| 008 | 210716s1987 xx 000 0 und d | ||
| 020 | _a71004734 | ||
| 041 | _aeng | ||
| 082 | _a005.133 HANL | ||
| 100 | _aHancock, Les;Krieger, Morris. | ||
| 245 | _aC primer. | ||
| 250 | _a2 | ||
| 260 |
_aNew Delhi _bTata McGraw Hill Publishing Company Ltd _c1987 |
||
| 300 | _a303 | ||
| 650 | _aC Programming | ||
| 999 |
_c181202 _d181202 |
||